000 00613nam a2200217 a 4500
001 34952
003 BD-RjUL
005 20211209052233.0
008 190207s1945 ii b 001 0 eng
035 _a(BD-RjUL)35046
040 _aDLC
_cNRC
_dSER
_dm.c
_dBD-RjUL
_beng
041 _aeng
082 _a321.094
_bRAW 1945
_223
100 1 _aRanga, N. G.
_9227855
245 _aWorld role of national revolution /
_cN G Ranga
260 _aNidubrolu (Guntur) :
_bKisan Publishers,
_c1945
300 _a184, iv p. ;
_c18 cm.
650 _aRevolutions
_9227856
651 _aIndia
_xHistory
_9227857
942 _2ddc
_cRAR
999 _c34952
_d34952